• 首页
  • 本馆介绍
  • 公告通知
  • 最新文献
  • 馆藏检索
  • 电子资源
  • 读者导购
  • 参考咨询
  • 我的图书馆
  • 登录
  • 详细信息显示
  • 放入我的书架
  • 预约/预借图书
  • 作者相关作品
  • 分类相关作品
  • 丛书相关作品
  • 出版社相关作品

书目信息

  • 表格格式
  • 工作单格式
  • 卡片格式
题名:
七位对数表
    
 
作者: 布鲁斯 编 ;刘述文 译
分册:  
出版信息: 北京   地质出版社  1973
页数: 610页
开本: 29cm
丛书名:
单 册:
中图分类: O1-644
科图分类:
主题词: 数学
电子资源:
ISBN:
000 00550nam0 2200205 45
001 0403021456
005 20060605095155.54
010    @b精装@dCNY3.50
100    @a20040302d1973 km y0chiy0120 ea
101 0  @achi
105    @a z 000yy
200 1  @a七位对数表@AQi Wei Dui Shu Biao@fC.布鲁斯编@FC.Bu Lu Si Bian@g刘述文译
210    @a北京@c地质出版社@d1973
215    @a610页@d29cm
606 0  @a数学
690    @aO1-644@v3
701  0 @a布鲁斯@4编
702  0 @a刘述文@ALiu Shu Wen@4译
801    @aCN@bTSTC@c20060605
905    @dO1-644@e1@f1@b8392
    
    七位对数表/C.布鲁斯编/刘述文译.-北京:地质出版社,1973
    610页;29cm
    
    
    ISBN (精装):CNY3.50
    
●
相关链接 在E读中查询图书 在五车中查询图书 在当当中查询图书 在豆瓣中查询图书


正题名:七位对数表     索取号:O1-644/1         预约/预借

序号 登录号 条形码 馆藏地/架位号 状态 备注
1 0008392   001962987   第二样本阅览室/ [索取号:O1-644/1] 在馆    
唐山师范学院图书馆 欢迎您!
大连网信软件有限公司© 版权所有